书目信息 |
| 题名: |
谈贵气
|
|
| 作者: | 张乐华 著 | |
| 分册: | ||
| 出版信息: | 北京 作家出版社 2015.12 |
|
| 页数: | 300页 | |
| 开本: | 24cm | |
| 丛书名: | ||
| 单 册: | ||
| 中图分类: | B848.1 | |
| 科图分类: | ||
| 主题词: | 气质--通俗读物 | |
| 电子资源: | ||
| ISBN: | 978-7-5063-8621-0 | |
| 000 | 00937nam0 2200289 450 | |
| 001 | 0120161758112 | |
| 005 | 20170908110713.14 | |
| 010 | @a978-7-5063-8621-0@dCNY36.00 | |
| 100 | @a20160115d2015 em y0chiy50 ea | |
| 101 | 0 | @achi |
| 102 | @aCN@b110000 | |
| 105 | @aa z 000yy | |
| 106 | @ar | |
| 200 | 1 | @a谈贵气@9tan gui qi@f张乐华著 |
| 205 | @a修订本 | |
| 210 | @a北京@c作家出版社@d2015.12 | |
| 215 | @a300页@c图@d24cm | |
| 300 | @a幽兰女社系列教材 | |
| 312 | @a封面英文题名:Noble spirit and style | |
| 330 | @a本书共分为五章,主要内容包括:漫谈古今中外的贵气;形象:高调炫耀与低调优雅;风度和修养:有助于人们发现你身上更伟大的品质;生活方式 从俗到雅;人因境界与风骨而高贵五章。 | |
| 333 | @a一般读者 | |
| 510 | 1 | @aNoble spirit and style@zeng |
| 606 | 0 | @a气质@j通俗读物 |
| 690 | @aB848.1@v5 | |
| 701 | 0 | @a张乐华@9zhang le hua@4著 |
| 801 | 0 | @aCN@b人天书店@c20160115 |
| 905 | @b998566-71@dB848.1@e1956=2@f6 | |
| 谈贵气/张乐华著.-修订本.-北京:作家出版社,2015.12 |
| 300页:图;24cm |
| 幽兰女社系列教材.-使用对象:一般读者 |
| ISBN 978-7-5063-8621-0:CNY36.00 |
| 本书共分为五章,主要内容包括:漫谈古今中外的贵气;形象:高调炫耀与低调优雅;风度和修养:有助于人们发现你身上更伟大的品质;生活方式 从俗到雅;人因境界与风骨而高贵五章。 |
| ● |
| 相关链接 |
|
|
|
|
正题名:谈贵气
索取号:B848.1/1956=2
 
预约/预借
| 序号 | 登录号 | 条形码 | 馆藏地/架位号 | 状态 | 备注 |
| 1 | 998566 | 209985667 | 第一样本阅览室/ [索取号:B848.1/1956=2] | 在馆 | |
| 2 | 998567 | 209985676 | 密集书库-马院/ [索取号:B848.1/1956=2] | 在馆 | |
| 3 | 998568 | 209985685 | 第一借阅区/ [索取号:B848.1/1956=2] | 在馆 | |
| 4 | 998569 | 209985694 | 第一借阅区/ [索取号:B848.1/1956=2] | 在馆 | |
| 5 | 998570 | 209985701 | 第一借阅区/ [索取号:B848.1/1956=2] | 在馆 | |
| 6 | 998571 | 209985710 | 第一借阅区/ [索取号:B848.1/1956=2] | 在馆 |